00425nam a2200133Ia 4500008004100000082001500041100002700056245004800083260001800131600002000149942000700169952009800176999001700274241002s9999 xx 000 0 und d a303.44 NOR aNorth Coteparkinson C. 0aParkisnson's law or the pursuit of progress aLondon:c1958 aSocial Sciences cUC 00104070aUITUbUITUd1994-01-01l0o303.44 NORpUC660r2024-10-02 09:31:26w2024-10-02yUC c18987d18987